Неполный пробой и излучение в кристаллах NaCl в сильных электрических полях; Физика твердого тела; Т. 2, вып. 10

Podrobná bibliografie
Parent link:Физика твердого тела/ Академия наук СССР.— , 1959-.— 0367-3294
Т. 2, вып. 10.— 1960.— С. 2493-2496, с табл.
Hlavní autor: Торбин Н. М.
Jazyk:ruština
Vydáno: 1960
Témata:
Médium: MixedMaterials Kapitola
KOHA link:https://koha.lib.tpu.ru/cgi-bin/koha/opac-detail.pl?biblionumber=421829

MARC

LEADER 00000naa2a2200000 4500
001 421829
005 20241206134810.0
035 |a (RuTPU)RU\TPU\prd\79606 
035 |a RU\TPU\tpu\4433 
090 |a 421829 
100 |a 20100406d1960 u |0us y50 ba 
101 0 |a rus 
102 |a RU 
200 1 |a Неполный пробой и излучение в кристаллах NaCl в сильных электрических полях  |f Н. М. Торбин 
320 |a Библиогр.: 17 назв. 
461 |0 (RuTPU)RU\TPU\prd\409  |x 0367-3294  |t Физика твердого тела  |f Академия наук СССР  |d 1959- 
463 |t Т. 2, вып. 10  |v С. 2493-2496, с табл.  |d 1960 
610 1 |a электричество 
610 1 |a труды учёных ТПУ 
610 1 |a диэлектрики 
610 1 |a пробой 
700 1 |a Торбин  |b Н. М. 
801 0 |a RU  |b 63413507  |c 20011210  |g PSBO 
801 2 |a RU  |b 63413507  |c 20100407  |g PSBO 
942 |c CR